Le Caire 969-1969 : histoire de la ville des "Mille et une nuits" /

محفوظ في:

المؤلف الرئيسي: Volkoff, Oleg V. (مؤلف)

التنسيق: كتاب

اللغة: French

منشور في: Le Caire : [publisher not identified], 1971.

سلاسل: Bibliothèque générale ; 2.

الموضوعات:

الوسوم: إضافة وسم

لا توجد وسوم, كن أول من يضع وسما على هذه التسجيلة!

رقم الطلب: DT143 .V9 1971

LEADER 00782namaa2200253 4500
001 14189
003 OSt
005 20250526070917.0
008 190929s1971 ua f b 000 0 fre d
010 |a 70963297 
040 |c ARCE Library 
043 |a f-ua--- 
050 4 |a DT143 .V9 1971 
100 1 |a Volkoff, Oleg V.,  |e author 
245 1 3 |a Le Caire 969-1969 :  |b histoire de la ville des "Mille et une nuits" /  |c [par] Oleg V. Volkoff. 
264 1 |a Le Caire :  |b [publisher not identified],  |c 1971. 
300 |a xiii, 200 pages :  |b 26 plates ;  |c 24 cm. 
490 1 |a Bibliothèque générale ;   |v 2. 
504 |a Bibliography : pages [177]-180. 
651 0 |a Cairo (Egypt)  |x History. 
830 0 |a Bibliothèque générale ;   |v 2. 
901 |a reviewed 
942 |c BK  |2 lcc 
999 |c 15101  |d 15101